| 000 -LEADER |
| fixed length control field |
00873cam a2200265 a 4500 |
| 001 - CONTROL NUMBER |
| control field |
4923130 |
| 005 - DATE AND TIME OF LATEST TRANSACTION |
| control field |
20180110072437.0 |
| 008 - FIXED-LENGTH DATA ELEMENTS--GENERAL INFORMATION |
| fixed length control field |
950227s1995 gauaf b 001 0 eng c |
| 010 ## - LIBRARY OF CONGRESS CONTROL NUMBER |
| LC control number |
95000132 |
| 020 ## - INTERNATIONAL STANDARD BOOK NUMBER |
| International Standard Book Number |
0944235107 |
| 040 ## - CATALOGING SOURCE |
| Original cataloging agency |
DNLM/DLC |
| Transcribing agency |
DLC |
| Modifying agency |
DLC |
| 041 ## - LANGUAGE CODE |
| Language code of text/sound track or separate title |
eng |
| 060 10 - NATIONAL LIBRARY OF MEDICINE CALL NUMBER |
| Classification number |
QZ 200 A5127 1995 |
| 080 ## - UNIVERSAL DECIMAL CLASSIFICATION NUMBER |
| Universal Decimal Classification number |
616.994 |
| 082 00 - DEWEY DECIMAL CLASSIFICATION NUMBER |
| Classification number |
616.994 MUR |
| Edition number |
20 |
| 100 ## - Rafti |
| Rafti |
7 |
| 101 ## - Shkurtesa |
| Shkurtesa |
ONK |
| 245 00 - TITLE STATEMENT |
| Title |
American Cancer Society textbook of clinical oncology / |
| Statement of responsibility, etc |
[edited by] Gerald P. Murphy, Walter Lawrence, Jr., Raymond E. Lenhard, Jr. |
| 246 30 - VARYING FORM OF TITLE |
| Title proper/short title |
Textbook of clinical oncology |
| 246 30 - VARYING FORM OF TITLE |
| Title proper/short title |
Clinical oncology |
| 504 ## - BIBLIOGRAPHY, ETC. NOTE |
| Bibliography, etc |
Includes bibliographical references and index. |
| 906 ## - LOCAL DATA ELEMENT F, LDF (RLIN) |
| a |
7 |
| b |
cbc |
| c |
orignew |
| d |
1 |
| e |
ocip |
| f |
19 |
| g |
y-gencatlg |
| 942 ## - ADDED ENTRY ELEMENTS (KOHA) |
| Source of classification or shelving scheme |
|
| Item type |
Books |